<?xml version="1.0" encoding="UTF-8"?><?xml-stylesheet type="text/xsl" href="static/style.xsl"?><OAI-PMH xmlns="http://www.openarchives.org/OAI/2.0/" xmlns:xsi="http://www.w3.org/2001/XMLSchema-instance" xsi:schemaLocation="http://www.openarchives.org/OAI/2.0/ http://www.openarchives.org/OAI/2.0/OAI-PMH.xsd"><responseDate>2026-06-03T08:18:42Z</responseDate><request verb="GetRecord" identifier="oai:riuma.uma.es:10630/28953" metadataPrefix="marc">https://riuma.uma.es/rest/oai/request</request><GetRecord><record><header><identifier>oai:riuma.uma.es:10630/28953</identifier><datestamp>2026-02-03T11:31:23Z</datestamp><setSpec>com_10630_2254</setSpec><setSpec>col_10630_37953</setSpec></header><metadata><record xmlns="http://www.loc.gov/MARC21/slim" xmlns:dcterms="http://purl.org/dc/terms/" xmlns:doc="http://www.lyncode.com/xoai" xmlns:xsi="http://www.w3.org/2001/XMLSchema-instance" xsi:schemaLocation="http://www.loc.gov/MARC21/slim http://www.loc.gov/standards/marcxml/schema/MARC21slim.xsd">
   <leader>00925njm 22002777a 4500</leader>
   <datafield ind2=" " ind1=" " tag="042">
      <subfield code="a">dc</subfield>
   </datafield>
   <datafield ind2=" " ind1=" " tag="720">
      <subfield code="a">Martinez, Esteban</subfield>
      <subfield code="e">author</subfield>
   </datafield>
   <datafield ind2=" " ind1=" " tag="720">
      <subfield code="a">Negredo, Eugenia</subfield>
      <subfield code="e">author</subfield>
   </datafield>
   <datafield ind2=" " ind1=" " tag="720">
      <subfield code="a">Knobel, Hernando</subfield>
      <subfield code="e">author</subfield>
   </datafield>
   <datafield ind2=" " ind1=" " tag="720">
      <subfield code="a">Ocampo, Antonio</subfield>
      <subfield code="e">author</subfield>
   </datafield>
   <datafield ind2=" " ind1=" " tag="720">
      <subfield code="a">Sanz, José</subfield>
      <subfield code="e">author</subfield>
   </datafield>
   <datafield ind2=" " ind1=" " tag="720">
      <subfield code="a">Garcia-Fraile, Lucio</subfield>
      <subfield code="e">author</subfield>
   </datafield>
   <datafield ind2=" " ind1=" " tag="720">
      <subfield code="a">Martin-Carbonero, Luz</subfield>
      <subfield code="e">author</subfield>
   </datafield>
   <datafield ind2=" " ind1=" " tag="720">
      <subfield code="a">Lozano, Fernando</subfield>
      <subfield code="e">author</subfield>
   </datafield>
   <datafield ind2=" " ind1=" " tag="720">
      <subfield code="a">González-Doménech, Carmen María</subfield>
      <subfield code="e">author</subfield>
   </datafield>
   <datafield ind2=" " ind1=" " tag="720">
      <subfield code="a">Gutierrez, Mar</subfield>
      <subfield code="e">author</subfield>
   </datafield>
   <datafield ind2=" " ind1=" " tag="720">
      <subfield code="a">Montero, Marta</subfield>
      <subfield code="e">author</subfield>
   </datafield>
   <datafield ind2=" " ind1=" " tag="720">
      <subfield code="a">Boix, Vicente</subfield>
      <subfield code="e">author</subfield>
   </datafield>
   <datafield ind2=" " ind1=" " tag="720">
      <subfield code="a">Payeras, Antoni</subfield>
      <subfield code="e">author</subfield>
   </datafield>
   <datafield ind2=" " ind1=" " tag="720">
      <subfield code="a">Torralba, Miguel</subfield>
      <subfield code="e">author</subfield>
   </datafield>
   <datafield ind2=" " ind1=" " tag="720">
      <subfield code="a">González-Cordón, Ana</subfield>
      <subfield code="e">author</subfield>
   </datafield>
   <datafield ind2=" " ind1=" " tag="720">
      <subfield code="a">Alejos, Belén</subfield>
      <subfield code="e">author</subfield>
   </datafield>
   <datafield ind2=" " ind1=" " tag="720">
      <subfield code="a">Pérez-Elías, María Jesús</subfield>
      <subfield code="e">author</subfield>
   </datafield>
   <datafield ind2=" " ind1=" " tag="260">
      <subfield code="c">2019-10-05</subfield>
   </datafield>
   <datafield ind2=" " ind1=" " tag="520">
      <subfield code="a">Background: Darunavir/cobicistat can be used as mono, dual, triple or more than triple therapy.&#xd;
&#xd;
Objectives: To assess factors associated with the number of drugs in darunavir/cobicistat regimens.&#xd;
&#xd;
Methods: A nationwide retrospective cohort study of consecutive HIV-infected patients initiating darunavir/cobicistat in Spain from July 2015 to May 2017. Baseline characteristics, efficacy and safety at 48 weeks were compared according to the number of drugs used.&#xd;
&#xd;
Results: There were 761 patients (75% men, 98% were antiretroviral-experienced, 32% had prior AIDS, 84% had HIV RNA &lt;50 copies/mL and 88% had ≥200 CD4 cells/mm3) who initiated darunavir/cobicistat as mono (n=308, 40%), dual (n=173, 23%), triple (n=253, 33%) or four-drug (n=27, 4%) therapy. Relative to monotherapy, triple therapy was more common in men aged &lt;50 years, with prior AIDS and darunavir plus ritonavir use, and with CD4 cells &lt;200/mm3 and with detectable viral load at initiation of darunavir/cobicistat; dual therapy was more common with previous intravenous drug use, detectable viral load at initiation of darunavir/cobicistat and no prior darunavir plus ritonavir; and four-drug therapy was more common with prior AIDS and detectable viral load at initiation of darunavir/cobicistat. Monotherapy and dual therapy showed a trend to better virological responses than triple therapy. CD4 responses and adverse effects did not differ among regimens.&#xd;
&#xd;
Discussion: Darunavir/cobicistat use in Spain has been tailored according to clinical characteristics of HIV-infected patients. Monotherapy and dual therapy have been common and preferentially addressed to older patients with a better HIV status, suggesting that health issues other than HIV infection may have been strong determinants of its prescription.</subfield>
   </datafield>
   <datafield ind1="8" ind2=" " tag="024">
      <subfield code="a">Martinez E, Negredo E, Knobel H, Ocampo A, Sanz J, Garcia-Fraile L, Martin-Carbonero L, Lozano F, Gonzalez-Domenech CM, Gutierrez M, Montero M, Boix V, Payeras A, Torralba M, Gonzalez-Cordon A, Moreno A, Alejos B, Perez-Elias MJ; GeSIDA 9316 CODAR Study Group. Factors associated with the number of drugs in darunavir/cobicistat regimens. J Antimicrob Chemother. 2020 Jan 1;75(1):208-214. doi: 10.1093/jac/dkz399.</subfield>
   </datafield>
   <datafield ind1="8" ind2=" " tag="024">
      <subfield code="a">https://hdl.handle.net/10630/28953</subfield>
   </datafield>
   <datafield ind1="8" ind2=" " tag="024">
      <subfield code="a">10.1093/jac/dkz399</subfield>
   </datafield>
   <datafield tag="653" ind2=" " ind1=" ">
      <subfield code="a">SIDA -  Tratamiento</subfield>
   </datafield>
   <datafield tag="653" ind2=" " ind1=" ">
      <subfield code="a">Infecciones por VIH - Tratamiento</subfield>
   </datafield>
   <datafield tag="653" ind2=" " ind1=" ">
      <subfield code="a">Mononucleosis - Tratamiento</subfield>
   </datafield>
   <datafield tag="653" ind2=" " ind1=" ">
      <subfield code="a">Agentes antivíricos</subfield>
   </datafield>
   <datafield ind2="0" ind1="0" tag="245">
      <subfield code="a">Factors associated with the number of drugs in darunavir/cobicistat regimens.</subfield>
   </datafield>
</record>
</metadata></record></GetRecord></OAI-PMH>